[Event "Stay Safe Play From Home 318"]
[Site "Emanuel Lasker Arena"]
[Date "2020.07.20"]
[Round "5"]
[White "NTBT_DHS"]
[Black "Möwe"]
[Result "1-0"]
[WhiteElo "1941"]
[BlackElo "1640"]
[Annotator "RC"]
[PlyCount "109"]
[EventDate "2020.07.20"]
[EventType "swiss (blitz)"]

1. d4 {[%emt 0:00:04]} d5 {[%emt 0:00:02]} 2. c4 {[%emt 0:00:01]} e5 {[%emt 0:00:03]} 3. Nf3 {[%emt 0:00:00]} e4 {[%emt 0:00:11]} 4. Nfd2 {[%emt 0:00:01]} c6 {[%emt 0:00:07]} 5. e3 {[%emt 0:00:01]} Bb4 {[%emt 0:00:02]} 6. Qb3 {[%emt 0:00:02]} Bxd2+ {[%emt 0:00:11]} 7. Bxd2 {[%emt 0:00:00]} Nf6 {[%emt 0:00:02]} 8. Bb4 {[%emt 0:00:01]} a5 {[%emt 0:00:06]} 9. Ba3 {[%emt 0:00:01]} Na6 {[%emt 0:00:02]} 10. Nc3 {[%emt 0:00:07]} Nb4 {[%emt 0:00:03]} 11. Bxb4 {[%emt 0:00:02]} axb4 {[%emt 0:00:02]} 12. Qxb4 {[%emt 0:00:00]} b6 {[%emt 0:00:12]} 13. cxd5 {[%emt 0:00:03]} Nxd5 {[%emt 0:00:02]} 14. Nxd5 {[%emt 0:00:02]} cxd5 {[%emt 0:00:03]} 15. Bb5+ {[%emt 0:00:06]} Bd7 {[%emt 0:00:01]} 16. O-O {[%emt 0:00:01]} Bxb5 {[%emt 0:00:05]} 17. Qxb5+ {[%emt 0:00:00]} Kf8 {[%emt 0:00:02]} 18. Rfc1 {[%emt 0:00:01]} h5 {[%emt 0:00:03]} 19. b4 {[%emt 0:00:02]} Kg8 {[%emt 0:00:03]} 20. Rc6 {[%emt 0:00:01]} Rb8 {[%emt 0:00:03]} 21. Rac1 {[%emt 0:00:02]} Kh7 {[%emt 0:00:05]} 22. Rc7 {[%emt 0:00:02]} Rf8 {[%emt 0:00:07]} 23. Rd7 {[%emt 0:00:02]} Qg5 {[%emt 0:00:02]} 24. Rxd5 {[%emt 0:00:01]} Qg6 {[%emt 0:00:02]} 25. Rxh5+ {[%emt 0:00:01]} Kg8 {[%emt 0:00:02]} 26. Rc6 {[%emt 0:00:01]} f6 {[%emt 0:00:05]} 27. Qd5+ {[%emt 0:00:13]} Qf7 {[%emt 0:00:06]} 28. Rc7 {[%emt 0:00:03]} Qxd5 {[%emt 0:00:02]} 29. Rxd5 {[%emt 0:00:00]} Ra8 {[%emt 0:00:07]} 30. Rdd7 {[%emt 0:00:01]} Rfc8 {[%emt 0:00:05]} 31. Rxg7+ {[%emt 0:00:01]} Kh8 {[%emt 0:00:01]} 32. h4 {[%emt 0:00:06]} Rxc7 {[%emt 0:00:02]} 33. Rxc7 {[%emt 0:00:02]} Rxa2 {[%emt 0:00:00]} 34. Rc6 {[%emt 0:00:00]} Ra1+ {[%emt 0:00:03]} 35. Kh2 {[%emt 0:00:01]} Rf1 {[%emt 0:00:02]} 36. Rxf6 {[%emt 0:00:02]} b5 {[%emt 0:00:02]} 37. Kg3 {[%emt 0:00:01]} Kg7 {[%emt 0:00:01]} 38. Rb6 {[%emt 0:00:01]} Rb1 {[%emt 0:00:05]} 39. Rxb5 {[%emt 0:00:01]} Kf6 {[%emt 0:00:00]} 40. h5 {[%emt 0:00:03]} Kg7 {[%emt 0:00:02]} 41. Re5 {[%emt 0:00:03]} Rxb4 {[%emt 0:00:03]} 42. Rxe4 {[%emt 0:00:01]} Rb5 {[%emt 0:00:00]} 43. Kg4 {[%emt 0:00:01]} Kh6 {[%emt 0:00:02]} 44. Re6+ {[%emt 0:00:01]} Kh7 {[%emt 0:00:01]} 45. f4 {[%emt 0:00:00]} Rb2 {[%emt 0:00:02]} 46. g3 {[%emt 0:00:01]} Rg2 {[%emt 0:00:06]} 47. d5 {[%emt 0:00:02]} Rd2 {[%emt 0:00:01]} 48. e4 {[%emt 0:00:01]} Rd4 {[%emt 0:00:02]} 49. Kg5 {[%emt 0:00:02]} Rd3 {[%emt 0:00:03]} 50. g4 {[%emt 0:00:01]} Rd1 {[%emt 0:00:04]} 51. Re7+ {[%emt 0:00:01]} Kg8 {[%emt 0:00:02]} 52. f5 {[%emt 0:00:00]} Kf8 {[%emt 0:00:02]} 53. f6 {[%emt 0:00:01]} Rf1 {[%emt 0:00:06]} 54. e5 {[%emt 0:00:01]} Rd1 {[%emt 0:00:02]} 55. d6 {[%emt 0:00:00] Zeit (Lag: Av=0.71s, max=1.2s)} 1-0

[Event "Stay Safe Play From Home 318"]
[Site "Emanuel Lasker Arena"]
[Date "2020.07.20"]
[Round "5"]
[White "TheCHESSHOUSE"]
[Black "Dukic"]
[Result "1-0"]
[WhiteElo "1937"]
[BlackElo "1905"]
[Annotator "TA"]
[PlyCount "101"]
[EventDate "2020.07.20"]
[EventType "swiss (blitz)"]

{[%evp 16,101,58,41,74,66,72,69,113,76,76,56,61,59,59,47,63,-16,-20,-14,-20,-41,0,-9,16,-83,12,39,17,31,23,15,21,-4,-14,-18,-10,-18,139,121,209,197,312,183,177,183,281,270,259,-209,-24,-22,-43,-35,-44,-95,0,-12,-8,-168,-57,-112,-103,-104,-108,-101,0,-7,68,58,70,-20,73,74,77,5,15,0,0,0,0,0,56,56,56,56,56,0]} 1. d4 c6 2. c4 d6 3. Nc3 Nd7 4. e4 e5 5. Nf3 Be7 6. Be2 Ngf6 7. O-O O-O 8. h3 Re8 9. Be3 b6 {[#] A55: Old Indian Defence with Nf3 and e4.} 10. Rc1 $146 ({Predecessor:} 10. d5 c5 11. a3 Nf8 12. b4 a6 13. Rb1 Ng6 14. Re1 h6 15. Qb3 Nd7 16. Nd2 Bg5 17. Bg4 {1-0 (30) Plachetka,J (2363)-Sharashenidze,A (2304) Austria 2014}) 10... Bb7 11. d5 c5 12. a3 Nf8 13. b4 Ng6 14. Qd2 Bc8 15. Nh2 Bd7 16. f4 (16. Rfd1 $14) 16... exf4 17. Bxf4 Nxf4 18. Qxf4 Rf8 19. Rce1 g6 20. Ng4 (20. Rf2 $11) 20... Nh5 (20... Nxg4 $17 21. Bxg4 Bxg4 22. Qxg4 cxb4 23. axb4 Bf6) 21. Nh6+ $11 {[%mdl 64] Double Attack} Kg7 $1 22. Bxh5 $1 {[%cal Rh6f7]} Bg5 23. Qxd6 Bxh6 24. Bf3 Bd2 25. Ne2 Bxe1 26. Rxe1 Ba4 $2 (26... Rc8 $11) 27. Qg3 $1 $16 f6 (27... cxb4 $16 28. axb4 Rc8) 28. Nf4 $18 Bd7 (28... Qe7 $142 29. Ne6+ Kg8 30. bxc5 (30. Nxf8 Rxf8 31. e5 fxe5 $16) 30... bxc5) 29. e5 (29. d6 $142 Re8 30. e5 fxe5 31. Nh5+ Kh8 32. Bxa8 gxh5 33. Bd5) 29... fxe5 30. Rxe5 Re8 (30... Rf5 $142) 31. Rg5 $1 {Strongly threatening d6.} Qe7 {[#] White should prevent ...Qe1+.} 32. Nxg6 $4 {[%mdl 8192]} (32. Kh2 $1 $18 Qf7 33. bxc5 bxc5 34. d6) 32... Qe1+ $2 (32... hxg6 $19 33. Rxg6+ Kh7) 33. Qxe1 $11 Rxe1+ 34. Kf2 {Ne5+ is the strong threat.} Kf6 {[%mdl 1024] Black has compensation.} 35. Rg3 (35. h4 $15 Rh1 36. g3 Rh2+ 37. Kg1) 35... Rae8 ({Black should play} 35... Rb1 $17 36. Nf4 cxb4 37. Nh5+ Ke5 38. Rg5+ Kd4 39. axb4 Rxb4) 36. Nf4 Ra1 37. Bh5 $2 (37. Nh5+ $11 {and White is okay.} Ke5 38. bxc5 bxc5 39. Rg7 Ra2+ 40. Kg3) 37... Re5 (37... Ra2+ $19 38. Ne2 Re5) 38. Be2 (38. Rc3 $15) 38... Rf5 $17 39. Rf3 {[#] Hoping for g4.} Ke5 $1 40. Nd3+ Kd4 (40... Kd6 $17 41. Nf4 Ra2) 41. Nf4 $11 Rc1 ({Better is} 41... h5 $11) 42. g4 $36 {[%mdl 2048] White has the initiative.} Rf6 43. Ne6+ (43. bxc5 $14 bxc5 44. Ne6+ {[%mdl 64] Discovered Attack} Rxe6 45. dxe6 Bxe6 46. Rf6) 43... Rxe6 (43... Ke5 $11 44. Ng5 cxb4 45. axb4 Rxf3+ 46. Nxf3+ Kf4) 44. dxe6 $16 Bxe6 $11 {[%mdl 4096] Endgame KRB-KRB} 45. Rd3+ (45. bxc5 $16 {And now c6 would win.} bxc5 46. Rf6) 45... Ke5 46. Re3+ Kd6 47. Re4 Rc3 48. Re3 Rxe3 (48... Rc1 $11) 49. Kxe3 $14 {White is slightly better.} Ke5 $1 50. Bd3 {Black must now prevent bxc5.} h6 51. Kf3 {[%mdl 32768] Black escapes into a draw. Accuracy: White = 49%, Black = 45%. . Sensor Board Error (Ke4/e5)?} (51. b5 $14) 1-0

[Event "Stay Safe Play From Home 318"]
[Site "Emanuel Lasker Arena"]
[Date "2020.07.20"]
[Round "5"]
[White "Cirovicz"]
[Black "Haris kollari 13"]
[Result "0-1"]
[WhiteElo "1751"]
[BlackElo "1810"]
[Annotator "NA RC"]
[PlyCount "54"]
[EventDate "2020.07.20"]
[EventType "swiss (blitz)"]

1. e3 {[%emt 0:00:12]} e5 {[%emt 0:00:02]} 2. c4 {[%emt 0:00:01]} c5 {[%emt 0:00:02]} 3. Nc3 {[%emt 0:00:01]} Nc6 {[%emt 0:00:01]} 4. Nf3 {[%emt 0:00:01]} d6 {[%emt 0:00:01]} 5. d4 {[%emt 0:00:01]} e4 {[%emt 0:00:01]} 6. Nxe4 {[%emt 0:00:02]} cxd4 {[%emt 0:00:02]} 7. Nxd4 {[%emt 0:00:01]} f5 {[%emt 0:00:05]} 8. Nxc6 {[%emt 0:00:02]} bxc6 {[%emt 0:00:04]} 9. Nc3 {[%emt 0:00:05]} Nf6 {[%emt 0:00:01]} 10. Bd2 {[%emt 0:00:01]} Be6 {[%emt 0:00:01]} 11. Qf3 {[%emt 0:00:01]} Qc7 {[%emt 0:00:04]} 12. Nb5 {[%emt 0:00:02]} Qb6 {[%emt 0:00:07]} 13. O-O-O {[%emt 0:00:04]} Be7 {[%emt 0:00:01]} 14. Ba5 {[%emt 0:00:09]} Qxa5 {[%emt 0:00:05]} 15. Qxc6+ {[%emt 0:00:01]} Kf7 {[%emt 0:00:00]} 16. Nxd6+ {[%emt 0:00:06]} Bxd6 {[%emt 0:00:01]} 17. Rxd6 {[%emt 0:00:01]} Rae8 {[%emt 0:00:09]} 18. Kb1 {[%emt 0:00:14]} Ne4 {[%emt 0:00:07]} 19. Rd7+ {[%emt 0:00:08]} Kf6 {[%emt 0:00:03]} 20. g4 {[%emt 0:00:15]} Qe1+ {[%emt 0:00:06]} 21. Kc2 {[%emt 0:00:01]} Qxf2+ {[%emt 0:00:02]} 22. Kb3 {[%emt 0:00:04]} Qxe3+ {[%emt 0:00:02]} 23. Bd3 {[%emt 0:00:01]} Rb8+ {[%emt 0:00:08]} 24. Ka4 {[%emt 0:00:07]} Rhc8 {[%emt 0:00:03]} 25. Qa6 {[%emt 0:00:11]} Nc5+ {[%emt 0:00:02]} 26. Ka5 {[%emt 0:00:06]} Nxa6 {[%emt 0:00:02]} 27. Kxa6 {[%emt 0:00:01]} Bxd7 {[%emt 0:00:02] Cirovicz resigns (Lag: Av=0.85s, max=1.8s)} 0-1

[Event "Stay Safe Play From Home 318"]
[Site "Emanuel Lasker Arena"]
[Date "2020.07.20"]
[Round "5"]
[White "Roefe Detlef"]
[Black "Klasman"]
[Result "1-0"]
[WhiteElo "1685"]
[BlackElo "1500"]
[Annotator "NA RC"]
[PlyCount "69"]
[EventDate "2020.07.20"]
[EventType "swiss (blitz)"]

1. d4 {[%emt 0:00:03]} f5 {[%emt 0:00:02]} 2. c4 {[%emt 0:00:01]} Nf6 {[%emt 0:00:01]} 3. Nc3 {[%emt 0:00:01]} e6 {[%emt 0:00:01]} 4. g3 {[%emt 0:00:01]} Bb4 {[%emt 0:00:02]} 5. Bg2 {[%emt 0:00:01]} c6 {[%emt 0:00:03]} 6. Qc2 {[%emt 0:00:01]} d5 {[%emt 0:00:01]} 7. b3 {[%emt 0:00:01]} Nbd7 {[%emt 0:00:02]} 8. Bd2 {[%emt 0:00:01]} Bxc3 {[%emt 0:00:04]} 9. Bxc3 {[%emt 0:00:02]} Ne4 {[%emt 0:00:01]} 10. Nf3 {[%emt 0:00:06]} Ndf6 {[%emt 0:00:01]} 11. O-O {[%emt 0:00:02]} O-O {[%emt 0:00:01]} 12. h3 {[%emt 0:00:01]} Nxc3 {[%emt 0:00:06]} 13. Qxc3 {[%emt 0:00:02]} Ne4 {[%emt 0:00:01]} 14. Qc2 {[%emt 0:00:01]} f4 {[%emt 0:00:01]} 15. g4 {[%emt 0:00:04]} Qf6 {[%emt 0:00:09]} 16. Rad1 {[%emt 0:00:07]} Bd7 {[%emt 0:00:02]} 17. a4 {[%emt 0:00:03]} h5 {[%emt 0:00:06]} 18. gxh5 {[%emt 0:00:05]} Qf5 {[%emt 0:00:12]} 19. Kh2 {[%emt 0:00:02]} Qxh5 {[%emt 0:00:02]} 20. Rd3 {[%emt 0:00:11]} g5 {[%emt 0:00:01]} 21. Ne5 {[%emt 0:00:07]} Nf6 {[%emt 0:00:18]} 22. Bf3 {[%emt 0:00:08]} Qh4 {[%emt 0:00:07]} 23. Ng4 {[%emt 0:00:04]} Ne4 {[%emt 0:00:07]} 24. Bh1 {[%emt 0:00:19]} Rf7 {[%emt 0:00:02]} 25. Bg2 {[%emt 0:00:16]} Rh7 {[%emt 0:00:02]} 26. Kg1 {[%emt 0:00:06]} Rf8 {[%emt 0:00:15]} 27. Ne5 {[%emt 0:00:02]} Nf6 {[%emt 0:00:04]} 28. Ng6 {[%emt 0:00:04]} Qh5 {[%emt 0:00:14]} 29. Nxf8 {[%emt 0:00:03]} Kxf8 {[%emt 0:00:01]} 30. e3 {[%emt 0:00:05]} g4 {[%emt 0:00:03]} 31. exf4 {[%emt 0:00:02]} Ne4 {[%emt 0:00:14]} 32. Bxe4 {[%emt 0:00:02]} dxe4 {[%emt 0:00:03]} 33. Rg3 {[%emt 0:00:01]} gxh3 {[%emt 0:00:12]} 34. Kh2 {[%emt 0:00:02]} Qf5 {[%emt 0:00:12]} 35. Qd2 {[%emt 0:00:06] Time (Lag: Av=0.37s, max=0.7s)} 1-0

[Event "Stay Safe Play From Home 318"]
[Site "Emanuel Lasker Arena"]
[Date "2020.07.20"]
[Round "6"]
[White "Klausen"]
[Black "Haris kollari 13"]
[Result "1-0"]
[WhiteElo "2044"]
[BlackElo "1824"]
[Annotator "NA RC"]
[PlyCount "49"]
[EventDate "2020.07.20"]
[EventType "swiss (blitz)"]

1. d4 {[%emt 0:00:08]} e6 {[%emt 0:00:01]} 2. Nf3 {[%emt 0:00:02]} d5 {[%emt 0:00:02]} 3. c4 {[%emt 0:00:03]} c6 {[%emt 0:00:01]} 4. Qc2 {[%emt 0:00:02]} Bd6 {[%emt 0:00:01]} 5. g3 {[%emt 0:00:02]} f5 {[%emt 0:00:02]} 6. Bg2 {[%emt 0:00:02]} Nf6 {[%emt 0:00:01]} 7. O-O {[%emt 0:00:02]} h6 {[%emt 0:00:02]} 8. Nbd2 {[%emt 0:00:03]} Nbd7 {[%emt 0:00:01]} 9. b3 {[%emt 0:00:02]} g5 {[%emt 0:00:02]} 10. Bb2 {[%emt 0:00:03]} Nf8 {[%emt 0:00:02]} 11. Ne5 {[%emt 0:00:02]} h5 {[%emt 0:00:16]} 12. f3 {[%emt 0:00:10]} Bd7 {[%emt 0:00:03]} 13. e4 {[%emt 0:00:05]} dxe4 {[%emt 0:00:09]} 14. fxe4 {[%emt 0:00:02]} Bxe5 {[%emt 0:00:05]} 15. dxe5 {[%emt 0:00:02]} Ng4 {[%emt 0:00:02]} 16. Rae1 {[%emt 0:00:12]} Rg8 {[%emt 0:00:18]} 17. exf5 {[%emt 0:00:02]} exf5 {[%emt 0:00:01]} 18. e6 {[%emt 0:00:06]} Bxe6 {[%emt 0:00:08]} 19. Qxf5 {[%emt 0:00:05]} Qe7 {[%emt 0:00:02]} 20. Qe4 {[%emt 0:00:18]} O-O-O {[%emt 0:00:03]} 21. Nf3 {[%emt 0:00:10]} Qc5+ {[%emt 0:00:04]} 22. Bd4 {[%emt 0:00:02]} Qa3 {[%emt 0:00:14]} 23. h3 {[%emt 0:00:05]} c5 {[%emt 0:00:05]} 24. Nxg5 {[%emt 0:00:11]} cxd4 {[%emt 0:00:07]} 25. Qxb7# {[%emt 0:00:02] (Lag: Av=0.28s, max=0.4s)} 1-0

[Event "Stay Safe Play From Home 318"]
[Site "Emanuel Lasker Arena"]
[Date "2020.07.20"]
[Round "6"]
[White "TheCHESSHOUSE"]
[Black "Weltszmerc"]
[Result "1-0"]
[WhiteElo "1981"]
[BlackElo "2087"]
[Annotator "TA"]
[PlyCount "53"]
[EventDate "2020.07.20"]
[EventType "swiss (blitz)"]

{[%evp 9,53,-71,-72,-75,-81,-89,-84,-84,-69,-93,-79,-87,-50,-74,-58,-67,-29,-9,87,91,89,103,281,221,240,211,214,200,900,830,871,823,1050,1017,1077,996,29991,29991,29992,29993,29997,29997,29997,29998,29998,29999]} 1. d4 Nf6 2. c4 b6 3. Nc3 Bb7 4. e4 Nxe4 5. Nxe4 Bxe4 6. Nf3 {A50: Queen's Fianchetto Defence (1 d4 Nf6 2 c4 b6).} e6 {[#]} 7. Be2 $146 ({Predecessor:} 7. Bd3 Bxd3 8. Qxd3 d5 9. cxd5 Qxd5 10. O-O Nc6 11. a3 Rd8 12. Rd1 Bc5 13. Be3 {1-0 (26) Ciobanu,S-Dimchev,R Iasi 2012}) 7... Be7 8. O-O {Black is better.} O-O 9. d5 exd5 10. cxd5 d6 11. Be3 Nd7 12. Rc1 a5 13. Nd4 Bg5 {[#]} (13... Bxd5 $11 14. Nf5 Bxa2 15. Nxe7+ Qxe7 16. Rxc7 Qe6) 14. Nc6 $1 $16 {[%cal Rc6d8][%mdl 1024] White has strong compensation.} Qf6 {[#] White must now prevent ...Bxe3.} 15. f4 $1 {[%cal Rf4g5]} Bh6 $2 {Loses the game.} (15... Bh4 $16) 16. Bd4 Qh4 17. g3 Qh3 {[%csl Ge4][%cal Rh3g2]} 18. Rf2 Nc5 $2 (18... f5) 19. Bg4 $18 Qxg4 20. Qxg4 f5 21. Ne7+ Kh8 22. Qh4 Nd3 23. Qxh6 {[%csl Gh6][%cal Rd4g7] White mates.} Rf7 24. Rxc7 Nxf2 25. Kxf2 Re8 {[#]} 26. Bxg7+ $1 Rxg7 {[#]} 27. Ng6+ $1 {[%mdl 64] Pin. Accuracy: White = 100%, Black = 40%.} 1-0

[Event "Stay Safe Play From Home 318"]
[Site "Emanuel Lasker Arena"]
[Date "2020.07.20"]
[Round "6"]
[White "NTBT_DHS"]
[Black "Roefe Detlef"]
[Result "1-0"]
[WhiteElo "1961"]
[BlackElo "1693"]
[Annotator "TA"]
[PlyCount "73"]
[EventDate "2020.07.20"]
[EventType "swiss (blitz)"]

{[%evp 12,72,0,-3,181,173,185,181,258,246,253,238,256,256,402,400,405,397,395,300,410,334,475,487,670,658,689,677,622,472,640,402,758,194,789,790,883,861,864,872,1491,1497,2062,2645,29986,29987,29987,29988,29984,29985,29985,29986,29988,29989,29989,29990,29991,29991,29996,29997,29997,29998,29999]} 1. e4 e5 2. Nf3 Nc6 3. Bb5 a6 4. Ba4 Nf6 5. O-O Bc5 6. Nxe5 Nxe5 7. d4 {[%mdl 64] Double Attack} Nc6 $2 {C78: Ruy Lopez: Archangelsk and Möller Defences.} ({Don't go for} 7... Nfg4 $2 8. dxc5 Qe7 9. Qd4 $18) (7... b5 $11 8. Bb3 {[#]} Bxd4 $1 {[%mdl 512]} 9. Qxd4 d6) 8. dxc5 $18 O-O {[#]} 9. Nc3 $146 ({Predecessor:} 9. Bg5 Qe7 10. Nc3 Qe5 11. Bxf6 Qxf6 12. Nd5 Qe5 13. Qd3 Rb8 14. b4 d6 15. Nxc7 Nxb4 {1-0 (32) Mykiska,V (1576)-Kura,F Klatovy 2018}) 9... b5 (9... d6 $142 10. cxd6 cxd6) 10. cxb6 $1 cxb6 11. Bg5 h6 12. Bh4 g5 (12... Bb7 {might work better.} 13. Bb3 b5) 13. Bg3 b5 14. Bb3 Bb7 15. e5 Ne8 16. Qh5 {Strongly threatening Qg6+.} Kg7 (16... Nd4 $142 17. Qxh6 Nxb3) 17. f4 Nd4 18. fxg5 Qxg5 19. Rxf7+ Rxf7 20. Qxf7+ {[%mdl 64] Double Attack} Kh8 21. Rf1 Ng7 (21... Nxb3 $142 22. Qxd7 (22. Qxb3 Ng7 $18) 22... Qe3+ 23. Kh1 Bxg2+ 24. Kxg2 Qd2+ 25. Qxd2 Nxd2) 22. Qf6 $2 (22. Qxd7 Bxg2 23. Kxg2) 22... Qe3+ $2 (22... Nxb3 23. cxb3 (23. axb3 Bc6 $18) 23... Rc8) 23. Bf2 Qd2 {[#]} 24. Rd1 $1 Ne2+ 25. Kf1 Bxg2+ 26. Kxg2 Nf4+ {[#]} 27. Kf1 $1 {[%cal Rf6h6]} Qxd1+ 28. Nxd1 {[%cal Rf6h6] White mates.} Nfe6 29. Bxe6 dxe6 30. Qxh6+ Kg8 31. Ne3 Rf8 32. Ng4 Rf5 {[#]} 33. Qg6 $1 Kf8 34. Kg2 a5 35. Bc5+ Kg8 36. Nf6+ Kh8 37. Qh7# {White took control after the opening. Accuracy: White = 60%, Black = 25%.} 1-0

[Event "Stay Safe Play From Home 318"]
[Site "Emanuel Lasker Arena"]
[Date "2020.07.20"]
[Round "6"]
[White "Möwe"]
[Black "Klasman"]
[Result "1-0"]
[WhiteElo "1635"]
[BlackElo "1491"]
[Annotator "NA RC"]
[PlyCount "77"]
[EventDate "2020.07.20"]
[EventType "swiss (blitz)"]

1. e4 {[%emt 0:00:02]} f5 {[%emt 0:00:01]} 2. exf5 {[%emt 0:00:03]} Nf6 {[%emt 0:00:01]} 3. Nf3 {[%emt 0:00:03]} d5 {[%emt 0:00:01]} 4. d4 {[%emt 0:00:02]} Bxf5 {[%emt 0:00:01]} 5. Bb5+ {[%emt 0:00:04]} c6 {[%emt 0:00:02]} 6. Bd3 {[%emt 0:00:04]} Bxd3 {[%emt 0:00:02]} 7. Qxd3 {[%emt 0:00:01]} Nbd7 {[%emt 0:00:03]} 8. O-O {[%emt 0:00:02]} Qb6 {[%emt 0:00:01]} 9. Nc3 {[%emt 0:00:04]} g6 {[%emt 0:00:02]} 10. Re1 {[%emt 0:00:04]} O-O-O {[%emt 0:00:01]} 11. Ne5 {[%emt 0:00:02]} Nxe5 {[%emt 0:00:02]} 12. dxe5 {[%emt 0:00:01]} Nd7 {[%emt 0:00:03]} 13. Be3 {[%emt 0:00:13]} Qc7 {[%emt 0:00:09]} 14. e6 {[%emt 0:00:03]} Ne5 {[%emt 0:00:07]} 15. Qd4 {[%emt 0:00:05]} Bg7 {[%emt 0:00:06]} 16. Qxa7 {[%emt 0:00:02]} Rhf8 {[%emt 0:00:24]} 17. Bb6 {[%emt 0:00:06]} Qb8 {[%emt 0:00:12]} 18. Qxb8+ {[%emt 0:00:04]} Kxb8 {[%emt 0:00:01]} 19. Bxd8 {[%emt 0:00:03]} Rxd8 {[%emt 0:00:03]} 20. a4 {[%emt 0:00:08]} Kc7 {[%emt 0:00:01]} 21. a5 {[%emt 0:00:02]} Kd6 {[%emt 0:00:05]} 22. a6 {[%emt 0:00:02]} bxa6 {[%emt 0:00:14]} 23. Rxa6 {[%emt 0:00:03]} Nc4 {[%emt 0:00:06]} 24. Nb5+ {[%emt 0:00:06]} Kc5 {[%emt 0:00:08]} 25. Nc3 {[%emt 0:00:08]} Nxb2 {[%emt 0:00:04]} 26. Na4+ {[%emt 0:00:05]} Kb5 {[%emt 0:00:06]} 27. Rb1 {[%emt 0:00:13]} Kxa6 {[%emt 0:00:04]} 28. Nxb2 {[%emt 0:00:01]} Rb8 {[%emt 0:00:04]} 29. Ra1+ {[%emt 0:00:01]} Kb5 {[%emt 0:00:09]} 30. Ra2 {[%emt 0:00:03]} Kc5 {[%emt 0:00:05]} 31. Nd3+ {[%emt 0:00:02]} Kd6 {[%emt 0:00:03]} 32. g3 {[%emt 0:00:01]} Kxe6 {[%emt 0:00:02]} 33. Ra6 {[%emt 0:00:05]} Kd6 {[%emt 0:00:02]} 34. h4 {[%emt 0:00:10]} e5 {[%emt 0:00:03]} 35. c3 {[%emt 0:00:04]} e4 {[%emt 0:00:02]} 36. Nb4 {[%emt 0:00:01]} Rxb4 {[%emt 0:00:09]} 37. cxb4 {[%emt 0:00:02]} Bc3 {[%emt 0:00:05]} 38. b5 {[%emt 0:00:01]} Kc5 {[%emt 0:00:04]} 39. bxc6 {[%emt 0:00:03] Time (Lag: Av=0.53s, max=0.8s)} 1-0

[Event "Stay Safe Play From Home 318"]
[Site "Emanuel Lasker Arena"]
[Date "2020.07.20"]
[Round "6"]
[White "Declan 1234"]
[Black "Dukic"]
[Result "0-1"]
[WhiteElo "1379"]
[BlackElo "1890"]
[Annotator "NA RC"]
[PlyCount "56"]
[EventDate "2020.07.20"]
[EventType "swiss (blitz)"]

1. e4 {[%emt 0:00:01]} c6 {[%emt 0:00:03]} 2. Nc3 {[%emt 0:00:05]} d6 {[%emt 0:00:00]} 3. d4 {[%emt 0:00:05]} Nd7 {[%emt 0:00:01]} 4. Nf3 {[%emt 0:00:02]} e5 {[%emt 0:00:01]} 5. Be3 {[%emt 0:00:03]} Be7 {[%emt 0:00:01]} 6. Be2 {[%emt 0:00:03]} Ngf6 {[%emt 0:00:01]} 7. O-O {[%emt 0:00:03]} b5 {[%emt 0:00:01]} 8. a3 {[%emt 0:00:02]} Bb7 {[%emt 0:00:02]} 9. Qd2 {[%emt 0:00:04]} a6 {[%emt 0:00:05]} 10. dxe5 {[%emt 0:00:19]} dxe5 {[%emt 0:00:02]} 11. Rad1 {[%emt 0:00:08]} Qc7 {[%emt 0:00:01]} 12. Bg5 {[%emt 0:00:11]} O-O {[%emt 0:00:03]} 13. h4 {[%emt 0:00:16]} Rfd8 {[%emt 0:00:06]} 14. Qe3 {[%emt 0:00:08]} h6 {[%emt 0:00:10]} 15. Bxf6 {[%emt 0:00:02]} Nxf6 {[%emt 0:00:03]} 16. Rxd8+ {[%emt 0:00:04]} Rxd8 {[%emt 0:00:02]} 17. Rd1 {[%emt 0:00:02]} Ra8 {[%emt 0:00:05]} 18. b4 {[%emt 0:00:11]} a5 {[%emt 0:00:05]} 19. bxa5 {[%emt 0:00:15]} Rxa5 {[%emt 0:00:10]} 20. Nh2 {[%emt 0:00:14]} Rxa3 {[%emt 0:00:07]} 21. Rd3 {[%emt 0:00:04]} Bc8 {[%emt 0:00:13]} 22. Qg3 {[%emt 0:00:12]} Be6 {[%emt 0:00:10]} 23. Ng4 {[%emt 0:00:05]} Nxg4 {[%emt 0:00:12]} 24. Bxg4 {[%emt 0:00:04]} Bc4 {[%emt 0:00:02]} 25. Rd7 {[%emt 0:00:06]} Qa5 {[%emt 0:00:17]} 26. Rxe7 {[%emt 0:00:06]} Qxc3 {[%emt 0:00:04]} 27. Qxc3 {[%emt 0:00:03]} Rxc3 {[%emt 0:00:01]} 28. Rc7 {[%emt 0:00:03]} Ba2 {[%emt 0:00:15] Zeit (Lag: Av=0.76s, max=1.3s)} 0-1

[Event "Stay Safe Play From Home 318"]
[Site "Emanuel Lasker Arena"]
[Date "2020.07.20"]
[Round "7"]
[White "Klausen"]
[Black "Möwe"]
[Result "1-0"]
[WhiteElo "2051"]
[BlackElo "1646"]
[Annotator "RC"]
[PlyCount "75"]
[EventDate "2020.07.20"]
[EventType "swiss (blitz)"]

1. Nf3 {[%emt 0:00:01]} d5 {[%emt 0:00:02]} 2. d4 {[%emt 0:00:01]} c5 {[%emt 0:00:01]} 3. g3 {[%emt 0:00:02]} Nc6 {[%emt 0:00:01]} 4. Bg2 {[%emt 0:00:02]} Bg4 {[%emt 0:00:01]} 5. Ne5 {[%emt 0:00:02]} Nf6 {[%emt 0:00:04]} 6. Nxg4 {[%emt 0:00:03]} Nxg4 {[%emt 0:00:02]} 7. e4 {[%emt 0:00:01]} Nf6 {[%emt 0:00:07]} 8. exd5 {[%emt 0:00:01]} Nxd5 {[%emt 0:00:01]} 9. dxc5 {[%emt 0:00:01]} e6 {[%emt 0:00:01]} 10. Bxd5 {[%emt 0:00:08]} exd5 {[%emt 0:00:02]} 11. O-O {[%emt 0:00:02]} Be7 {[%emt 0:00:06]} 12. Nc3 {[%emt 0:00:08]} O-O {[%emt 0:00:01]} 13. Qxd5 {[%emt 0:00:05]} Qxd5 {[%emt 0:00:03]} 14. Nxd5 {[%emt 0:00:02]} Bxc5 {[%emt 0:00:00]} 15. Be3 {[%emt 0:00:05]} Bxe3 {[%emt 0:00:03]} 16. Nxe3 {[%emt 0:00:01]} Rad8 {[%emt 0:00:03]} 17. Rfd1 {[%emt 0:00:02]} Ne5 {[%emt 0:00:07]} 18. Kg2 {[%emt 0:00:02]} g6 {[%emt 0:00:03]} 19. Rxd8 {[%emt 0:00:06]} Rxd8 {[%emt 0:00:02]} 20. Rd1 {[%emt 0:00:00]} Rc8 {[%emt 0:00:01]} 21. c3 {[%emt 0:00:04]} b5 {[%emt 0:00:05]} 22. f4 {[%emt 0:00:02]} Nc4 {[%emt 0:00:03]} 23. Nxc4 {[%emt 0:00:02]} Rxc4 {[%emt 0:00:03]} 24. Rd7 {[%emt 0:00:09]} Ra4 {[%emt 0:00:06]} 25. a3 {[%emt 0:00:02]} Kg7 {[%emt 0:00:05]} 26. Kf3 {[%emt 0:00:05]} a6 {[%emt 0:00:02]} 27. Rd4 {[%emt 0:00:04]} Rxd4 {[%emt 0:00:07]} 28. cxd4 {[%emt 0:00:02]} f6 {[%emt 0:00:00]} 29. Ke4 {[%emt 0:00:02]} Kf7 {[%emt 0:00:00]} 30. Kd5 {[%emt 0:00:01]} Ke7 {[%emt 0:00:00]} 31. Kc6 {[%emt 0:00:01]} Kd8 {[%emt 0:00:09]} 32. d5 {[%emt 0:00:04]} h5 {[%emt 0:00:07]} 33. h4 {[%emt 0:00:08]} f5 {[%emt 0:00:18]} 34. d6 {[%emt 0:00:02]} Kc8 {[%emt 0:00:06]} 35. b4 {[%emt 0:00:04]} Kd8 {[%emt 0:00:03]} 36. d7 {[%emt 0:00:01]} Ke7 {[%emt 0:00:03]} 37. Kc7 {[%emt 0:00:02]} Ke6 {[%emt 0:00:01]} 38. d8=Q {[%emt 0:00:02] Möwe gibt auf (Lag: Av=0.45s, max=0.8s)} 1-0